International Focus on Russia (Record no. 111001)

MARC details
000 -LEADER
fixed length control field 00969cad a22001935a 4500
001 - CONTROL NUMBER
control field L150864
008 - FIXED-LENGTH DATA ELEMENTS--GENERAL INFORMATION
fixed length control field 100908s2010 xxk 000 0 eng d
035 ## - SYSTEM CONTROL NUMBER
System control number (Sirsi) u150864
041 0# - LANGUAGE CODE
Language code of text/sound track or separate title eng
110 2# - MAIN ENTRY--CORPORATE NAME
Corporate name or jurisdiction name as entry element EC Harris
9 (RLIN) 4930
245 00 - TITLE STATEMENT
Title International Focus on Russia
Remainder of title infrastructure sector set to grow in Russia this year
Medium [electronic resource]
260 ## - PUBLICATION, DISTRIBUTION, ETC.
Place of publication, distribution, etc. [S.l.]
Name of publisher, distributor, etc. ECHarris
Date of publication, distribution, etc. 2010
520 ## - SUMMARY, ETC.
Summary, etc. The property market in Russia has seen several years of high profitability followed by one of the steepest price corrections in Europe; overview of the property market; indicative costs per m² in Russia; materials and labour; tender prices; economy and construction - Russia at a glance;
590 ## - LOCAL NOTE (RLIN)
Local note KA NTK
651 #4 - SUBJECT ADDED ENTRY--GEOGRAPHIC NAME
Geographic name Russia
690 ## - LOCAL SUBJECT ADDED ENTRY--TOPICAL TERM (OCLC, RLIN)
Topical term or geographic name as entry element BUILT ENVIRONMENT-CONSTRUCTION MARKET
856 40 - ELECTRONIC LOCATION AND ACCESS
Uniform Resource Identifier <a href="https://www.echarris.com/pdf/7300_International%20focus%20on%20Russia_English%20FINAL%20FOR%20WEB.pdf">https://www.echarris.com/pdf/7300_International%20focus%20on%20Russia_English%20FINAL%20FOR%20WEB.pdf</a>
Public note View the item free of charge at www.echarris.com
942 ## - ADDED ENTRY ELEMENTS (KOHA)
Suppress in OPAC 0
Holdings
Withdrawn status Lost status Source of classification or shelving scheme Damaged status Not for loan Home library Current library Shelving location Date acquired Total Checkouts Full call number Barcode Date last seen Copy number Price effective from Koha item type
    Dewey Decimal Classification     Virtual Virtual Online 08/09/2010   ONLINE PUBLICATION 150864-2001 06/08/2019 1 06/08/2019 Book